Mimopecná výroba zliatin bóru s niklom : Kandidátska dizertačná práca /

Gespeichert in:
Bibliographische Detailangaben
1. Verfasser: Kalčík, Alexander (Verfasst von)
Format: Manuskript Buch
Sprache:Slowakisch
Veröffentlicht: Bratislava : SVŠT v Bratislave MtF, 1986
Schlagworte:
Tags: Tag hinzufügen
Keine Tags, Fügen Sie das erste Tag hinzu!

MARC

LEADER 00000ntm a22000003a 4500
001 stu37521
005 20170510100603.8
008 920714s1986----cs------------------slo-d
040 |a STU  |b slo 
041 0 |a slo 
044 |a cs 
080 |a 669.018-034.24(043.3) 
100 1 |a Kalčík, Alexander  |4 aut 
245 1 |a Mimopecná výroba zliatin bóru s niklom :  |b Kandidátska dizertačná práca /  |c [aut.]Alexander Kalčík 
260 |a Bratislava :  |b SVŠT v Bratislave MtF,  |c 1986 
300 |a 91 s :  |b 41 obr.12 tab 
650 7 |a Zliatiny bóru s niklom  |2 stusub 
650 7 |a výroba mimopecná  |2 stusub 
650 7 |a práce dizert  |2 stusub 
996 |b .  |c M* DzP-490  |l MMSKP  |s P  |a 0  |w stu37521_0002 
996 |b .  |c M* DzP-490  |l MMSKP  |s P  |a 0  |w stu37521_0003